Statystyki dla 15 najbardziej dotkniętych krajów Covid-19 - 22 sierpnia

Kliknij tutaj aby rozwiązać quiz!

Ogólne statystyki

  • Ten quiz został rozwiązany 18 razy
  • Średni wynik to 11 z 25

Statystyki odpowiedzi

kraj% Poprawnych
Stany Zjednoczone
100%
Indie
71%
Brazylia
65%
Hiszpania
65%
Rosja
65%
Wielka Brytania
59%
Kolumbia
53%
Meksyk
53%
Arabia Saudyjska
47%
Argentyna
47%
Chile
47%
Chile
47%
Iran
47%
Republika
Południowej Afryki
47%
Bangladesz
41%
Peru
41%
Izrael
29%
Katar
24%
Panama
24%
Bahrajn
18%
Boliwia
18%
Kuwejt
18%
Singapur
18%
Armenia
12%
Oman
12%

Rozkład punktacji

Percentyl według liczby udzielonych odpowiedzi

Procent ludzi z każdym wynikiem

Twoja historia wyników

Nie rozwiązałeś tego quizu